000 00687cam a2200217 4500
008 090401t1993 xxu||||| |||| 00| 0 eng d
020 _a0854065776
035 _a(Sirsi) u97483
041 _aeng
100 _aSullivan, Kerry
245 _aStrategic use of Information tehnology : document 1
260 _aLondon
_bSouth Bank University
_c1993
300 _ac100p. ; 30cm.
520 _aA survey carried out on behalf of the Royal Institution of Chartered Surveyors by South Bank University
650 _aIT
650 _aRICS
690 _aMANAGEMENT-BUSINESS MANAGEMENT-INFORMATION MANAGEMENT
710 _aSouth Bank University
_9492
942 _n0
948 _c04/03/1997
999 _c98910
_d98910